Manuel of library economy / (Record no. 36575)

MARC details
000 -LEADER
campo de control de longitud fija 00620nam a2200205 i 4500
001 - NÚMERO DE CONTROL
campo de control 36575
003 - IDENTIFICADOR DE NÚMERO DE CONTROL
campo de control ES-MaACL
005 - FECHA Y HORA DE LA ÚLTIMA TRANSACCIÓN
campo de control 20250729015731.0
007 - CAMPO FIJO DE DESCRIPCIÓN FÍSICA--INFORMACIÓN GENERAL
campo de control de longitud fija t|
008 - DATOS DE LONGITUD FIJA--INFORMACIÓN GENERAL
campo de control de longitud fija 030218s1931 xxk ||||1| eng d
100 1# - ENTRADA PRINCIPAL--NOMBRE DE PERSONA
Nombre de persona Brown, James Duff.
9 (RLIN) 32000
245 10 - MENCIÓN DEL TÍTULO
Título Manuel of library economy /
Mención de responsabilidad, etc. by James Duff Brown.
250 ## - MENCION DE EDICION
Mención de edición Fourth Edition edited... by W.C. Berwick Sayers.
260 ## - PUBLICACIÓN, DISTRIBUCIÓN, ETC.
Lugar de publicación, distribución, etc. London :
Nombre del editor, distribuidor, etc. Grafton & Co.,
Fecha de publicación, distribución, etc. 1931.
300 ## - DESCRIPCIÓN FÍSICA
Extensión XXIII, 533 p. :
Otras características físicas il. ;
Dimensiones 22 cm.
650 07 - PUNTO DE ACCESO ADICIONAL DE MATERIA--TÉRMINO DE MATERIA
Término de materia o nombre geográfico como elemento de entrada Biblioteconomía
Fuente del encabezamiento o término embne
9 (RLIN) 10554
700 1# - ENTRADA AGREGADA--NOMBRE PERSONAL
Nombre de persona Berwick Sayers, W. C.
9 (RLIN) 28550
852 ## - LOCALIZACIÓN
Ubicación ES-MaACL
Número de control de estantería A-1773
Holdings
Estatus retirado Estado de pérdida Fuente del sistema de clasificación o colocación Estado de daño No para préstamo Colección Biblioteca de origen Biblioteca actual Ubicación en estantería Fecha de adquisición Total de préstamos Signatura topográfica completa Código de barras Visto por última vez Precio de reemplazo Tipo de ítem Koha
    Clasificación decimal universal     Biblioteca profesional Biblioteca del Ateneo de Madrid Biblioteca del Ateneo de Madrid Sala Pecera Planta 1 17/01/2008   A-1773 1038440 23/02/2023 23/02/2023 Libro impreso